Countries of the world - With a player in Indian Premier League - Statistics

General Stats
  • This quiz has been taken 40 times
  • The average score is 11 of 13
Answer Stats
Continent Answer % Correct
Asia Bangladesh
100%
Oceania Australia
97%
Oceania New Zealand
97%
Asia Sri Lanka
97%
Asia India
92%
Africa South Africa
92%
Europe England
89%
N.America Barbados
86%
N.America Jamaica
86%
Asia Afghanistan
75%
N.America Saint Lucia
72%
N.America Trinidad and Tobago
72%
Asia United Arab Emirates
53%
No matching quizzes found
Score Distribution
Percent of People with Each Score
Percentile by Number Answered
Your Score History
You have not taken this quiz